Most Politically Polarized U.S. Cities - Statistics

General Stats
  • This quiz has been taken 98 times
  • The average score is 14 of 20
Answer Stats
State City % Correct
NY New York
95%
GA Atlanta
94%
LA New Orleans
92%
IL Chicago
88%
TX Houston
87%
TN Memphis
85%
LA Baton Rouge
82%
AL Birmingham
81%
VA Richmond
78%
MD Baltimore
76%
MS Jackson
74%
AL Montgomery
72%
GA Savannah
69%
SC Columbia
67%
AL Mobile
65%
WI Milwaukee
59%
LA Shreveport
52%
GA Augusta
44%
GA Columbus
38%
LA Lafayette
31%
No matching quizzes found
Score Distribution
Percent of People with Each Score
Percentile by Number Answered
Your Score History
You have not taken this quiz